Every Song by Television - Statistics

General Stats
  • This quiz has been taken 7 times
  • The average score is 10 of 29
Answer Stats
Album Song % Correct
Marquee Moon(1977) Marquee Moon
100%
The Blow-Up(1982) The Blow-Up
100%
Adventure(1978) Foxhole
60%
Marquee Moon(1977) Venus
60%
Television(1992) 1880 or So
40%
Adventure(1978) Careful
40%
Adventure(1978) Days
40%
Marquee Moon(1977) Elevation
40%
Marquee Moon(1977) Friction
40%
Adventure(1978) Glory
40%
Marquee Moon(1977) Prove It
40%
Adventure(1978) The Fire
40%
Adventure(1978) Ain't That Nothin'
20%
Television(1992) Beauty Trip
20%
Television(1992) Call Mr. Lee
20%
Adventure(1978) Carried Away
20%
Marquee Moon(1977) Guiding Light
20%
The Blow-Up(1982) I Don't Care
20%
Television(1992) In World
20%
The Blow-Up(1982) Little Johnny Jewel
20%
Television(1992) Mars
20%
Television(1992) No Glamour for Willi
20%
Television(1992) Rhyme
20%
Marquee Moon(1977) See No Evil
20%
Television(1992) Shane, She Wrote This
20%
Adventure(1978) The Dream's Dream
20%
Television(1992) The Rocket
20%
Television(1992) This Tune
20%
Marquee Moon(1977) Torn Curtain
20%
No matching quizzes found
Score Distribution
Percent of People with Each Score
Percentile by Number Answered
Your Score History
You have not taken this quiz